[Event "26th WSCC 2016 Open 50+"]
[Site "Marianske Lazne, Czech Republic - Hotel Cristal and Continental"]
[Date "2016.11.19"]
[Round "1.81"]
[White "Kabyzhanov, Bulat"]
[Black "Danielsen, Henrik"]
[Result "0-1"]
[WhiteElo "2039"]
[BlackElo "2477"]
[PlyCount "76"]
[EventDate "2016.11.19"]

1. Nf3 d6 2. d4 g6 3. g3 Bg7 4. Bg2 Nf6 5. Nbd2 O-O 6. O-O Nc6 7. c3 e5 8. e3
a5 9. Ne1 d5 10. a4 b6 11. f3 Ba6 12. Rf2 Re8 13. Nc2 Qe7 14. Bf1 Bxf1 15. Nxf1
h5 16. Bd2 Qe6 17. Na3 Rad8 18. Nb5 Rd7 19. Qc2 Ne7 20. Rb1 c6 21. Na3 e4 22.
f4 Qh3 23. Rg2 Nf5 24. Qd1 Ng4 25. Qe2 Bf8 26. Nc2 Ra8 27. b3 Be7 28. c4 c5 29.
Bc3 Rad8 30. cxd5 Rxd5 31. Qa6 h4 32. Qe2 hxg3 33. Nxg3 Nh4 34. Nxe4 Nf3+ 35.
Kh1 Rh5 36. Ng5 Bxg5 37. fxg5 Ngxh2 38. Rxh2 Qxh2+ 0-1

[Event "26th WSCC 2016 Open 50+"]
[Site "Marianske Lazne, Czech Republic - Hotel Cristal and Continental"]
[Date "2016.11.20"]
[Round "2.1"]
[White "Chudinovskikh, Alexander M"]
[Black "Sturua, Zurab"]
[Result "1/2-1/2"]
[WhiteElo "2219"]
[BlackElo "2556"]
[PlyCount "35"]
[EventDate "2016.11.19"]

1. d4 Nf6 2. Nf3 g6 3. g3 Bg7 4. Bg2 O-O 5. O-O d6 6. Nc3 Na6 7. h3 c5 8. d5
Nc7 9. a4 b6 10. e4 Nd7 11. Re1 a6 12. Bf4 Ne5 13. Nxe5 dxe5 14. Be3 Qd6 15. f4
Bd7 16. Qf3 f5 17. Rad1 Rad8 18. exf5 1/2-1/2

[Event "26th WSCC 2016 Open 50+"]
[Site "Marianske Lazne, Czech Republic - Hotel Cristal and Continental"]
[Date "2016.11.20"]
[Round "2.2"]
[White "Matamoros Franco, Carlos S"]
[Black "Schatz, Christian"]
[Result "1-0"]
[WhiteElo "2495"]
[BlackElo "2218"]
[PlyCount "104"]
[EventDate "2016.11.19"]

1. Nf3 Nf6 2. c4 c5 3. Nc3 g6 4. d4 cxd4 5. Nxd4 Bg7 6. e4 Nc6 7. Be3 Ng4 8.
Qxg4 Nxd4 9. Qd1 Ne6 10. Rc1 d6 11. Bd3 Qa5 12. O-O b6 13. f4 Bb7 14. a3 O-O
15. f5 Nc5 16. Bb1 Bxc3 17. Rxc3 Nxe4 18. Bxe4 Bxe4 19. b4 Qa6 20. Qd4 gxf5 21.
Bh6 f6 22. Rg3+ Kf7 23. Rxf5 Qb7 24. Rxf6+ exf6 25. Rg7+ Ke6 26. Rxb7 Bxb7 27.
Qe3+ Kf7 28. Bxf8 Rxf8 29. Qd3 Rg8 30. g3 Kg7 31. Qxd6 Rf8 32. c5 bxc5 33. bxc5
Rf7 34. c6 Bc8 35. Kf2 Bf5 36. Ke3 Bg4 37. Kf4 h5 38. a4 Kg6 39. h4 Kg7 40. a5
a6 41. Ke3 Rf8 42. Kd4 Re8 43. Kc5 Bc8 44. Kb6 Kf7 45. Qc7+ Kg6 46. Qb8 Kf7 47.
Kc7 Be6 48. Qb7 Bc4 49. Kb6+ Kg6 50. c7 Be6 51. Qe4+ f5 52. c8=Q fxe4 1-0

[Event "26th WSCC 2016 Open 50+"]
[Site "Marianske Lazne, Czech Republic - Hotel Cristal and Continental"]
[Date "2016.11.20"]
[Round "2.3"]
[White "Urban, Zdenek"]
[Black "Ivanov, Alexander"]
[Result "1/2-1/2"]
[WhiteElo "2205"]
[BlackElo "2478"]
[PlyCount "176"]
[EventDate "2016.11.19"]

1. d4 d6 2. e4 Nf6 3. Nc3 c6 4. Bc4 b5 5. Bd3 e5 6. d5 b4 7. Nce2 cxd5 8. exd5
Nbd7 9. a3 Bb7 10. Bc4 a5 11. Nf3 Be7 12. g4 Nb6 13. Bb5+ Kf8 14. Bc6 Qc8 15.
g5 Nfxd5 16. Bxb7 Qxb7 17. O-O g6 18. Qd3 Kg7 19. h4 Rhc8 20. b3 Qc6 21. Ne1
Nc3 22. axb4 axb4 23. Rxa8 Qxa8 24. f4 Kg8 25. Nxc3 Rxc3 26. Qb5 Nd5 27. Rf2 e4
28. f5 Rc5 29. Qf1 Qc8 30. fxg6 fxg6 31. Qe2 Nc3 32. Qf1 Rf5 33. Be3 d5 34. Ng2
Bc5 35. Rxf5 gxf5 36. Bxc5 Qxc5+ 37. Kh1 Qc8 38. Qf4 d4 39. Qd6 e3 40. Qxd4 e2
41. Qxb4 f4 42. Qxf4 Qh3+ 43. Qh2 Qxg2+ 44. Kxg2 e1=Q 45. Qb8+ Kf7 46. Qc7+ Kg6
47. Qc6+ Kh5 48. Qf3+ Kxh4 49. Qh3+ Kxg5 50. Qxh7 Qe2+ 51. Kg1 Qe3+ 52. Kg2
Qe2+ 53. Kg1 Qd1+ 54. Kg2 Qd5+ 55. Kg1 Ne4 56. Qg7+ Kh5 57. Qg2 Qd4+ 58. Kh2
Qe5+ 59. Kg1 Ng3 60. Qf3+ Kg5 61. Kf2 Ne4+ 62. Ke2 Ng3+ 63. Kd3 Nf5 64. c3 Qd6+
65. Kc4 Qa6+ 66. Kb4 Qb6+ 67. Ka3 Kf6 68. Qf4 Qa6+ 69. Kb2 Qe2+ 70. Ka3 Qc2 71.
Kb4 Ke6 72. Qc4+ Ke5 73. Qc6 Nd6 74. Qc5+ Ke6 75. Qd4 Qg2 76. c4 Qb7+ 77. Ka3
Qa8+ 78. Kb4 Qb8+ 79. Ka3 Qa8+ 80. Kb4 Qa6 81. Qd5+ Ke7 82. Qe5+ Kd7 83. Qd5
Kc8 84. c5 Qb5+ 85. Kc3 Qa5+ 86. Kb2 Nb5 87. Qe6+ Kc7 88. Qb6+ Qxb6 1/2-1/2

[Event "26th WSCC 2016 Open 50+"]
[Site "Marianske Lazne, Czech Republic - Hotel Cristal and Continental"]
[Date "2016.11.20"]
[Round "2.4"]
[White "Danielsen, Henrik"]
[Black "Kolesar, Milan"]
[Result "1-0"]
[WhiteElo "2477"]
[BlackElo "2194"]
[PlyCount "81"]
[EventDate "2016.11.19"]

1. e4 c5 2. g3 Nc6 3. Bg2 g6 4. Nf3 Bg7 5. O-O e6 6. c3 Nge7 7. d4 cxd4 8. cxd4
d5 9. e5 O-O 10. Nc3 h6 11. h4 Nf5 12. Bf4 b6 13. Qd2 Kh7 14. Rac1 Na5 15. Qd3
Qe7 16. Bh3 Kg8 17. Bxf5 gxf5 18. b3 Bb7 19. Kh2 Nc6 20. Rg1 f6 21. Rge1 fxe5
22. Nxe5 Nxe5 23. Bxe5 Bxe5 24. Rxe5 Qf6 25. Ne2 Rac8 26. Re1 Rc6 27. Nf4 Bc8
28. Qe2 Kf7 29. Kh3 Qg7 30. Kg2 Qf6 31. Qb5 Bd7 32. Nxd5 Qd8 33. Nf4 Rc1 34.
Qe2 Rxe1 35. Qh5+ Ke7 36. Rxe1 Kd6 37. Qxh6 Rf6 38. Qg5 Bc6+ 39. Kg1 Be4 40.
Rc1 Rf8 41. Qg7 1-0

[Event "26th WSCC 2016 Open 50+"]
[Site "Marianske Lazne, Czech Republic - Hotel Cristal and Continental"]
[Date "2016.11.20"]
[Round "2.5"]
[White "Barron, Michael"]
[Black "Haba, Petr"]
[Result "0-1"]
[WhiteElo "2189"]
[BlackElo "2472"]
[PlyCount "66"]
[EventDate "2016.11.19"]

1. e4 e5 2. Nf3 Nc6 3. Bb5 a6 4. Ba4 Nf6 5. O-O Nxe4 6. d4 b5 7. Bb3 d5 8. dxe5
Be6 9. Nbd2 Nc5 10. c3 Be7 11. Bc2 d4 12. Ne4 d3 13. Nxc5 dxc2 14. Qxd8+ Rxd8
15. Nxe6 fxe6 16. Be3 Rd5 17. Rfc1 Nxe5 18. Nxe5 Rxe5 19. Rxc2 Kf7 20. Rd1 Rd5
21. Rcd2 Rhd8 22. f3 Bc5 23. Rd4 Bxd4 24. Rxd4 Rxd4 25. cxd4 Rd6 26. b4 Rc6 27.
Bf4 Rc2 28. a3 c6 29. h4 Ra2 30. h5 Rxa3 31. Kf2 Ra2+ 32. Kg3 a5 33. bxa5 b4
0-1

[Event "26th WSCC 2016 Open 50+"]
[Site "Marianske Lazne, Czech Republic - Hotel Cristal and Continental"]
[Date "2016.11.20"]
[Round "2.6"]
[White "Mohr, Georg"]
[Black "Maslak, Alexander"]
[Result "1-0"]
[WhiteElo "2461"]
[BlackElo "2186"]
[PlyCount "95"]
[EventDate "2016.11.19"]

1. d4 Nf6 2. Nf3 g6 3. g3 Bg7 4. Bg2 O-O 5. O-O d6 6. b3 c5 7. c4 Nc6 8. Bb2
Bf5 9. d5 Na5 10. Nbd2 Rb8 11. Re1 e5 12. dxe6 Bxe6 13. Qc2 Nc6 14. Rad1 Qa5
15. Qb1 d5 16. cxd5 Bxd5 17. Qa1 Ne8 18. Nc4 Bxc4 19. bxc4 Qb4 20. Bxg7 Nxg7
21. Ng5 Nd4 22. Bd5 Nge6 23. Bxe6 fxe6 24. e3 Nf3+ 25. Nxf3 Rxf3 26. Rd7 Rf7
27. Red1 Rbf8 28. Rxf7 Rxf7 29. Rd8+ Rf8 30. Rxf8+ Kxf8 31. Qf6+ Kg8 32. Qxe6+
Kg7 33. Kg2 a6 34. e4 b5 35. e5 bxc4 36. Qe7+ Kh6 37. Qf8+ Kh5 38. Qf3+ Kh6 39.
Qf8+ Kh5 40. h3 Qd2 41. Qf3+ Kh6 42. Qf8+ Kh5 43. Qf3+ Kh6 44. e6 Qd8 45. Qf4+
g5 46. Qf7 Qd5+ 47. Kh2 c3 48. Qf6+ 1-0

[Event "26th WSCC 2016 Open 50+"]
[Site "Marianske Lazne, Czech Republic - Hotel Cristal and Continental"]
[Date "2016.11.20"]
[Round "2.7"]
[White "Folk, Petr"]
[Black "Arkell, Keith C"]
[Result "0-1"]
[WhiteElo "2182"]
[BlackElo "2450"]
[PlyCount "78"]
[EventDate "2016.11.19"]

1. e4 c6 2. d4 d5 3. exd5 cxd5 4. c4 Nf6 5. Nc3 e6 6. Nf3 Bb4 7. cxd5 Nxd5 8.
Qc2 Nc6 9. Bd3 Nf6 10. O-O O-O 11. Bg5 h6 12. Be3 Bd6 13. a3 Bd7 14. Rad1 Ne7
15. Ne5 Ned5 16. Nxd7 Qxd7 17. Nxd5 Nxd5 18. Be4 Be7 19. Qe2 Rfd8 20. Rfe1 Bf8
21. Rc1 Nf6 22. Bb1 Rac8 23. Qf3 Qd5 24. Qe2 a6 25. h3 g6 26. Bd3 Bg7 27. Bc4
Qa5 28. Ba2 Nd5 29. Red1 Ne7 30. Bf4 Rxc1 31. Rxc1 Rxd4 32. Rc7 Rxf4 33. Rxe7
Qb6 34. Qe3 Qd6 35. Rxb7 Bd4 36. Rd7 Bxe3 37. Rxd6 Rxf2 38. Rd3 Rxb2+ 39. Rxe3
Rxa2 0-1

[Event "26th WSCC 2016 Open 50+"]
[Site "Marianske Lazne, Czech Republic - Hotel Cristal and Continental"]
[Date "2016.11.20"]
[Round "2.8"]
[White "Meister, Jakob"]
[Black "Koehler, Gerhard"]
[Result "1/2-1/2"]
[WhiteElo "2444"]
[BlackElo "2182"]
[PlyCount "26"]
[EventDate "2016.11.19"]

1. e4 c6 2. d4 d5 3. Nd2 dxe4 4. Nxe4 Bf5 5. Ng3 Bg6 6. Nf3 Nd7 7. Bd3 Ngf6 8.
Bxg6 hxg6 9. Qe2 e6 10. Bg5 Be7 11. O-O-O Nd5 12. h4 Qa5 13. Kb1 Qb5 1/2-1/2

[Event "26th WSCC 2016 Open 50+"]
[Site "Marianske Lazne, Czech Republic - Hotel Cristal and Continental"]
[Date "2016.11.20"]
[Round "2.9"]
[White "Dovzhenko, Viktor"]
[Black "Bruno, Fabio"]
[Result "0-1"]
[WhiteElo "2171"]
[BlackElo "2435"]
[PlyCount "130"]
[EventDate "2016.11.19"]

1. e4 c5 2. Nf3 e6 3. g3 Nc6 4. Bg2 Nf6 5. Nc3 d6 6. d4 cxd4 7. Nxd4 Bd7 8. O-O
a6 9. Re1 Qc7 10. h3 Be7 11. Nb3 b5 12. a3 O-O 13. f4 Rfd8 14. Qe2 Be8 15. Nd5
exd5 16. exd5 Ne5 17. fxe5 dxe5 18. Bg5 Rac8 19. Bxf6 Bxf6 20. c3 g6 21. Kh2
Bg7 22. Rad1 f5 23. Qd3 Rd6 24. Kh1 Bf7 25. g4 e4 26. Qf1 Rxd5 27. Nd4 fxg4 28.
hxg4 Re5 29. Rxe4 Rxe4 30. Bxe4 Re8 31. Bf3 Qf4 32. Qg2 Bxd4 33. cxd4 Re3 34.
Bd5 Bxd5 35. Qxd5+ Kg7 36. Qb7+ Kh6 37. Qg2 Kg5 38. Rf1 Qxd4 39. Kh2 Qe5+ 40.
Kh1 Qe4 41. Qxe4 Rxe4 42. Rf7 h6 43. Ra7 Re6 44. Rh7 Re1+ 45. Kg2 Re2+ 46. Kf1
Rxb2 47. Ra7 Kxg4 48. Rxa6 Kh5 49. Rb6 g5 50. a4 b4 51. a5 Ra2 52. Rxb4 Rxa5
53. Rb6 Ra2 54. Kg1 g4 55. Rc6 Kg5 56. Rb6 h5 57. Rb5+ Kh4 58. Rc5 g3 59. Rb5
Kg4 60. Rb4+ Kh3 61. Rb1 h4 62. Rc1 Ra4 63. Rb1 Kg4 64. Kg2 h3+ 65. Kh1 h2 0-1

[Event "26th WSCC 2016 Open 50+"]
[Site "Marianske Lazne, Czech Republic - Hotel Cristal and Continental"]
[Date "2016.11.20"]
[Round "2.10"]
[White "Bartos, Jan"]
[Black "Kalegin, Evgenij"]
[Result "1/2-1/2"]
[WhiteElo "2151"]
[BlackElo "2420"]
[PlyCount "69"]
[EventDate "2016.11.19"]

1. d4 d6 2. e4 Nf6 3. f3 Nbd7 4. c4 c6 5. Nc3 e5 6. Nge2 h5 7. Be3 a6 8. d5
cxd5 9. cxd5 b5 10. h4 Nb6 11. b3 b4 12. Nb1 Be7 13. g3 Nfd7 14. Qd2 Nc5 15.
Nc1 f5 16. Nd3 Nxd3+ 17. Bxd3 f4 18. Bf2 fxg3 19. Bxg3 O-O 20. Qg2 a5 21. Nd2
a4 22. Ke2 Ba6 23. Bxa6 Rxa6 24. Bf2 Qd7 25. Bxb6 Rxb6 26. Qg6 Ra6 27. Qxh5
axb3 28. axb3 Qa7 29. Rxa6 Qxa6+ 30. Nc4 Qa2+ 31. Nd2 Rc8 32. Rd1 Qa6+ 33. Nc4
Qa2+ 34. Nd2 Qa6+ 35. Nc4 1/2-1/2

[Event "26th WSCC 2016 Open 50+"]
[Site "Marianske Lazne, Czech Republic - Hotel Cristal and Continental"]
[Date "2016.11.20"]
[Round "2.11"]
[White "Akesson, Ralf"]
[Black "Madeira, Wagner Martins"]
[Result "1-0"]
[WhiteElo "2416"]
[BlackElo "2172"]
[PlyCount "75"]
[EventDate "2016.11.19"]

1. d4 Nf6 2. c4 g6 3. Nc3 Bg7 4. e4 d6 5. Nf3 O-O 6. h3 e5 7. d5 a5 8. Be3 Na6
9. Nd2 Nc5 10. g4 Nfd7 11. h4 Nb6 12. g5 Bd7 13. Qe2 Nba4 14. Nxa4 Nxa4 15. b3
Nc5 16. Bh3 Rb8 17. Bxc5 dxc5 18. Qe3 b6 19. a4 Bxh3 20. Rxh3 f5 21. Ke2 Qd7
22. Rah1 c6 23. h5 cxd5 24. exd5 e4 25. Qf4 Qe7 26. hxg6 hxg6 27. Rh7 Qe5 28.
Qxe5 Bxe5 29. f3 exf3+ 30. Nxf3 Bg7 31. R7h2 Rbe8+ 32. Kd3 Kf7 33. Re1 Rxe1 34.
Nxe1 Re8 35. Nf3 Re4 36. Rh4 Rxh4 37. Nxh4 Be5 38. Ke3 1-0

[Event "26th WSCC 2016 Open 50+"]
[Site "Marianske Lazne, Czech Republic - Hotel Cristal and Continental"]
[Date "2016.11.20"]
[Round "2.12"]
[White "Vlassov, Nikolai"]
[Black "Kozak, Milos"]
[Result "1-0"]
[WhiteElo "2415"]
[BlackElo "2159"]
[PlyCount "91"]
[EventDate "2016.11.19"]

1. g4 d5 2. Bg2 c6 3. h3 e5 4. d4 exd4 5. Qxd4 Qb6 6. Nf3 Qxd4 7. Nxd4 Bd6 8.
Nd2 Ne7 9. c4 Na6 10. O-O O-O 11. cxd5 Nxd5 12. Nc4 Be7 13. Bxd5 cxd5 14. Ne3
Rd8 15. Rd1 Bf6 16. b3 Be6 17. Bb2 Rac8 18. Ng2 Nb4 19. Rd2 Re8 20. Nb5 Bxb2
21. Rxb2 Rc5 22. Nd4 Nc6 23. Rd1 Rc8 24. Ne3 Nxd4 25. Rxd4 a5 26. Kg2 f6 27.
Rbd2 Rd8 28. h4 g5 29. hxg5 fxg5 30. Nd1 Rdc8 31. f3 Rc2 32. Ne3 Rxd2 33. Rxd2
Rc5 34. Kf2 Kf7 35. Nc2 Kf6 36. Ke3 Ke5 37. Ne1 Kd6 38. Kd4 Rc1 39. Nd3 Rc7 40.
e3 a4 41. Rh2 a3 42. Rh6 Rc2 43. f4 Rxa2 44. f5 Rd2 45. Rxe6+ Kd7 46. Rh6 1-0

[Event "26th WSCC 2016 Open 50+"]
[Site "Marianske Lazne, Czech Republic - Hotel Cristal and Continental"]
[Date "2016.11.20"]
[Round "2.13"]
[White "Christiansen, Arne"]
[Black "Bagaturov, Giorgi"]
[Result "0-1"]
[WhiteElo "2133"]
[BlackElo "2410"]
[PlyCount "94"]
[EventDate "2016.11.19"]

1. Nf3 Nf6 2. g3 g6 3. Bg2 Bg7 4. O-O O-O 5. d4 d6 6. c4 Nbd7 7. Nc3 e5 8. dxe5
dxe5 9. e4 c6 10. Qc2 Qe7 11. b3 Re8 12. h3 Nc5 13. Ba3 Nfd7 14. Rad1 Qf6 15.
Bc1 Ne6 16. Be3 Bf8 17. Kh2 Bc5 18. Bxc5 Ndxc5 19. Ne2 a5 20. Ne1 Ng5 21. h4
Nge6 22. Nd3 Nxd3 23. Qxd3 g5 24. Qf3 Qxf3 25. Bxf3 h6 26. hxg5 hxg5 27. Bg4
Nc5 28. Bxc8 Raxc8 29. f3 g4 30. Kg2 Rcd8 31. Kf2 Nd3+ 32. Ke3 Nb4 33. fxg4
Nxa2 34. Rxd8 Rxd8 35. Rf5 Re8 36. Rf1 Nb4 37. Rd1 Na6 38. Nc1 Nc5 39. Rd2 Kg7
40. Rb2 Rd8 41. Rc2 Rd4 42. Kf3 Nxb3 43. Nxb3 Rd3+ 44. Kf2 Rxb3 45. Ra2 b6 46.
c5 b5 47. Rxa5 Rc3 0-1

[Event "26th WSCC 2016 Open 50+"]
[Site "Marianske Lazne, Czech Republic - Hotel Cristal and Continental"]
[Date "2016.11.20"]
[Round "2.14"]
[White "Tunik, Gennady"]
[Black "Agusto, Obafunmilayo"]
[Result "1-0"]
[WhiteElo "2404"]
[BlackElo "2144"]
[PlyCount "97"]
[EventDate "2016.11.19"]

1. d4 Nf6 2. c4 g6 3. Nc3 Bg7 4. e4 d6 5. Nf3 O-O 6. Be2 e5 7. Be3 Ng4 8. Bg5
f6 9. Bh4 Nd7 10. h3 Nh6 11. g4 Nf7 12. Qc2 g5 13. Bg3 f5 14. exf5 exd4 15. Ne4
Re8 16. O-O-O Rxe4 17. Qxe4 Nc5 18. Qc2 d3 19. Bxd3 Qf6 20. Qc3 Qd8 21. Qa3 Qf6
22. Bc2 Bd7 23. Rhe1 Re8 24. Rxe8+ Bxe8 25. Nd4 a6 26. Qe3 Bd7 27. f3 h6 28.
Be1 Na4 29. Bxa4 Bxa4 30. b3 c5 31. Qe6 cxd4 32. Qxf6 Bxf6 33. bxa4 Ne5 34.
Rxd4 Nxf3 35. Rxd6 Be5 36. Rd8+ Kf7 37. Bf2 Ke7 38. Rd3 Bf4+ 39. Kc2 Ne5 40.
Rb3 Nxc4 41. Rxb7+ Kd6 42. Kd3 Ne5+ 43. Ke4 Nd7 44. Ra7 Nf6+ 45. Kd3 h5 46.
Rxa6+ Ke7 47. Rxf6 Kxf6 48. a5 hxg4 49. hxg4 1-0

[Event "26th WSCC 2016 Open 50+"]
[Site "Marianske Lazne, Czech Republic - Hotel Cristal and Continental"]
[Date "2016.11.20"]
[Round "2.15"]
[White "Konopka, Michal"]
[Black "Baimurzin, Aitkazy"]
[Result "1-0"]
[WhiteElo "2396"]
[BlackElo "2132"]
[PlyCount "125"]
[EventDate "2016.11.19"]

1. Nf3 Nf6 2. c4 a6 3. Nc3 c5 4. g3 e6 5. Bg2 Be7 6. O-O O-O 7. b3 Qc7 8. d4
cxd4 9. Qxd4 Nc6 10. Qf4 d6 11. Rd1 e5 12. Qd2 h6 13. Ba3 Rd8 14. Nd5 Nxd5 15.
cxd5 Na7 16. Rac1 Qd7 17. Qa5 Qe8 18. Qb6 Bd7 19. Bb2 Rdb8 20. a4 Nc8 21. Qe3
b5 22. a5 b4 23. Nd2 Bg5 24. Qf3 Rb5 25. Ra1 Bd8 26. Nc4 Rc5 27. Qe3 Qf8 28. f4
exf4 29. gxf4 Bb5 30. Bd4 Rc7 31. Rac1 Re7 32. Qf3 Bxc4 33. bxc4 Bxa5 34. c5
Rb8 35. e4 Qd8 36. Qg3 Qf8 37. e5 dxc5 38. Bxc5 Bb6 39. d6 Rd7 40. Bh3 Bxc5+
41. Rxc5 Rdb7 42. Qf3 Nb6 43. Rdc1 b3 44. Qxb3 Nd7 45. Qxb7 Rxb7 46. Rc8 g6 47.
e6 fxe6 48. Bxe6+ Kg7 49. Rxf8 Nxf8 50. Rc7+ Kf6 51. Rxb7 Nxe6 52. Rb8 Nc5 53.
Re8 a5 54. Re5 Nd7 55. Rxa5 Ke6 56. Ra6 g5 57. fxg5 hxg5 58. Kg2 Nc5 59. Rc6
Ne4 60. Kf3 Nxd6 61. Kg4 Kd5 62. Rc7 Ne8 63. Re7 1-0

[Event "26th WSCC 2016 Open 50+"]
[Site "Marianske Lazne, Czech Republic - Hotel Cristal and Continental"]
[Date "2016.11.20"]
[Round "2.16"]
[White "Gayson, Peter M"]
[Black "Vokac, Marek"]
[Result "1/2-1/2"]
[WhiteElo "2127"]
[BlackElo "2391"]
[PlyCount "148"]
[EventDate "2016.11.19"]

1. e4 g6 2. d4 c6 3. c4 Bg7 4. Nc3 d6 5. Be2 Nd7 6. Nf3 e5 7. O-O Ngf6 8. h3
O-O 9. Be3 Re8 10. dxe5 dxe5 11. Qc2 Qe7 12. Rfd1 Nh5 13. Bf1 Nf4 14. g3 Ne6
15. Bg2 a5 16. Rd2 Ndc5 17. Rad1 Qf8 18. b3 f5 19. exf5 gxf5 20. a3 a4 21. bxa4
e4 22. Nd4 Nxd4 23. Bxd4 Be6 24. Ne2 Nd3 25. Bxg7 Qxg7 26. Nc1 Ne5 27. c5 Kh8
28. Ne2 Bc4 29. Nf4 Bd3 30. Qb3 Re7 31. Kh2 Rae8 32. Nh5 Qf7 33. Qxf7 Rxf7 34.
Nf4 Ra8 35. Nxd3 Nxd3 36. f3 Rxa4 37. fxe4 fxe4 38. Bxe4 Nxc5 39. Bg2 Rxa3 40.
Rc1 Nd3 41. Rc4 Ne5 42. Re4 Nf3+ 43. Bxf3 Raxf3 44. Kg2 R3f6 45. h4 Kg7 46. Rd8
h5 47. Ree8 Rf5 48. Rg8+ Kf6 49. Kh3 c5 50. Rd6+ Ke5 51. Rb6 Kd4 52. g4 Rf3+
53. Kg2 Rf2+ 54. Kg1 hxg4 55. Rxb7 Rf1+ 56. Kg2 Rxb7 57. Kxf1 c4 58. Rxg4+ Kd3
59. Rg3+ Kd2 60. Rg2+ Kd1 61. Rg4 Rf7+ 62. Kg2 c3 63. Rc4 c2 64. Kg3 c1=Q 65.
Rxc1+ Kxc1 66. h5 Kd2 67. Kg4 Ke3 68. h6 Ke4 69. Kg5 Ke5 70. Kg6 Rf6+ 71. Kg7
Kf5 72. h7 Rg6+ 73. Kf7 Rh6 74. Kg7 Rxh7+ 1/2-1/2

[Event "26th WSCC 2016 Open 50+"]
[Site "Marianske Lazne, Czech Republic - Hotel Cristal and Continental"]
[Date "2016.11.20"]
[Round "2.18"]
[White "Gueci, Riccardo"]
[Black "Ginsburg, Mark"]
[Result "0-1"]
[WhiteElo "2121"]
[BlackElo "2340"]
[PlyCount "106"]
[EventDate "2016.11.19"]

1. e4 c5 2. Nf3 d6 3. d4 cxd4 4. Nxd4 Nf6 5. Nc3 e6 6. Be2 Be7 7. O-O O-O 8. f4
Nc6 9. Be3 a6 10. Kh1 Nxd4 11. Bxd4 b5 12. a3 Bb7 13. Bf3 Nd7 14. Qe2 Qc7 15.
Nd1 Rac8 16. c3 e5 17. Be3 Nf6 18. fxe5 dxe5 19. Bg5 Nh5 20. Be3 Nf6 21. Bg5
Ne8 22. Bxe7 Qxe7 23. Ne3 Nd6 24. Rad1 Rcd8 25. Nd5 Qg5 26. g3 Nc4 27. a4 Bxd5
28. Rxd5 Rxd5 29. exd5 Nd6 30. axb5 axb5 31. Bg2 e4 32. Rd1 Qe5 33. Rd4 f5 34.
Kg1 Ra8 35. Rd1 Ra2 36. Qf2 e3 37. Qe2 Qxc3 38. Qxb5 Qxb2 39. Qxb2 Rxb2 40. Re1
Rb3 41. Rc1 Kf7 42. Bf3 Kf6 43. Kf1 g5 44. Rc7 Rb7 45. Rxb7 Nxb7 46. Ke2 f4 47.
h4 h6 48. hxg5+ hxg5 49. gxf4 gxf4 50. Kd3 Ke5 51. Kc4 Nd6+ 52. Kc5 Ne4+ 53.
Kc6 Ng5 0-1

[Event "26th WSCC 2016 Open 50+"]
[Site "Marianske Lazne, Czech Republic - Hotel Cristal and Continental"]
[Date "2016.11.20"]
[Round "2.19"]
[White "Buchal, Stephan"]
[Black "Daneri, Martin"]
[Result "0-1"]
[WhiteElo "2339"]
[BlackElo "2113"]
[PlyCount "80"]
[EventDate "2016.11.19"]

1. Nf3 c5 2. e4 e6 3. d3 d5 4. Qe2 Nf6 5. g3 Nc6 6. Bg2 Be7 7. O-O Qc7 8. Bf4
Qb6 9. e5 Qxb2 10. exf6 gxf6 11. Nbd2 Qxc2 12. Rfc1 Qa4 13. Nb3 b6 14. Nfd2 Ba6
15. Nb1 Nb4 16. Rd1 Qd7 17. Nc1 e5 18. Bd2 Nc2 19. Bc3 Nxa1 20. Bxa1 h5 21. f4
e4 22. Qe3 O-O-O 23. dxe4 Qa4 24. Rxd5 Rxd5 25. exd5 Qd1+ 26. Kf2 Qc2+ 27. Ne2
Bxe2 28. Qxe2 Qxb1 29. Qxe7 Qxa2+ 30. Ke3 Qxa1 31. Bh3+ Kb8 32. Qd6+ Kb7 33.
Bd7 Ka6 34. Qc6 Qd4+ 35. Kf3 Qd3+ 36. Kg2 Qb3 37. Bc8+ Ka5 38. Qb7 Rxc8 39.
Qxc8 Qxd5+ 40. Kf2 c4 0-1

[Event "26th WSCC 2016 Open 50+"]
[Site "Marianske Lazne, Czech Republic - Hotel Cristal and Continental"]
[Date "2016.11.20"]
[Round "2.20"]
[White "Reprintsev, Alexander"]
[Black "Levrand, Roland"]
[Result "1-0"]
[WhiteElo "2321"]
[BlackElo "2097"]
[PlyCount "79"]
[EventDate "2016.11.19"]

1. d4 Nf6 2. Nc3 d5 3. Bf4 e6 4. f3 Bb4 5. Qd2 c5 6. a3 Qa5 7. dxc5 Nc6 8. Rb1
Bxc3 9. Qxc3 Qxc3+ 10. bxc3 e5 11. Bg3 O-O 12. e3 a6 13. Nh3 Re8 14. Nf2 Re7
15. Be2 Be6 16. Nd3 Bf5 17. O-O Rae8 18. Bh4 Na5 19. Nb4 Rd7 20. Rfd1 Rc8 21.
Bxf6 gxf6 22. Rxd5 Bxc2 23. Rxd7 Bxb1 24. e4 Rxc5 25. Rd1 Rxc3 26. Rxb1 Rxa3
27. Nd5 b5 28. Rc1 Nb3 29. Rc8+ Kg7 30. Ne7 Nd4 31. Kf2 b4 32. Rg8+ Kh6 33. g4
Ra2 34. Nf5+ Nxf5 35. exf5 b3 36. h4 a5 37. f4 Rxe2+ 38. Kxe2 exf4 39. Rb8 a4
40. Rb4 1-0

[Event "26th WSCC 2016 Open 50+"]
[Site "Marianske Lazne, Czech Republic - Hotel Cristal and Continental"]
[Date "2016.11.20"]
[Round "2.21"]
[White "Gollain, Marc"]
[Black "Petran, Peter"]
[Result "0-1"]
[WhiteElo "2097"]
[BlackElo "2302"]
[PlyCount "74"]
[EventDate "2016.11.19"]

1. c4 g6 2. g3 Bg7 3. Bg2 d6 4. Nc3 c5 5. Nf3 Nc6 6. O-O e5 7. a3 Nge7 8. b4
Be6 9. bxc5 dxc5 10. Rb1 Qd7 11. d3 h6 12. Bd2 b6 13. Qc1 Rd8 14. Re1 Nd4 15.
Nb5 g5 16. Nbxd4 exd4 17. h4 g4 18. Nh2 h5 19. Bg5 f6 20. Bf4 Ng6 21. Bd2 O-O
22. Nf1 Kh7 23. Qc2 Bf5 24. a4 Qc7 25. a5 Rd6 26. axb6 axb6 27. Bc1 Bd7 28. Nd2
f5 29. e3 Re6 30. Nf1 f4 31. Be4 fxe3 32. fxe3 Rxe4 33. dxe4 Ne5 34. Nh2 d3 35.
Qg2 Nf3+ 36. Nxf3 Rxf3 37. e5 Bxe5 0-1

[Event "26th WSCC 2016 Open 50+"]
[Site "Marianske Lazne, Czech Republic - Hotel Cristal and Continental"]
[Date "2016.11.20"]
[Round "2.22"]
[White "Bergstrom, Rolf"]
[Black "Prueske, Wolfgang"]
[Result "1/2-1/2"]
[WhiteElo "2296"]
[BlackElo "2093"]
[PlyCount "77"]
[EventDate "2016.11.19"]

1. b3 d5 2. Bb2 Nf6 3. e3 e6 4. Nf3 Be7 5. Be2 O-O 6. O-O c5 7. c4 Nc6 8. cxd5
Nxd5 9. Nc3 Nxc3 10. Bxc3 b6 11. Qb1 Bb7 12. Qb2 Bf6 13. Bxf6 Qxf6 14. Qxf6
gxf6 15. Rfd1 Rad8 16. d3 Ne5 17. Ne1 Rd7 18. f4 Ng6 19. Kf2 Rfd8 20. g3 Ne7
21. Rac1 Ba6 22. a3 Rd6 23. Rc3 Nd5 24. Rc2 Ne7 25. Rdc1 Rc8 26. b4 cxb4 27.
Rxc8+ Bxc8 28. axb4 Rc6 29. Rxc6 Nxc6 30. b5 Nb4 31. d4 a5 32. bxa6 Bxa6 33.
Bxa6 Nxa6 34. Ke2 Kf8 35. Kd3 Ke7 36. Kc4 Kd6 37. e4 Nc7 38. Nc2 b5+ 39. Kd3
1/2-1/2

[Event "26th WSCC 2016 Open 50+"]
[Site "Marianske Lazne, Czech Republic - Hotel Cristal and Continental"]
[Date "2016.11.20"]
[Round "2.23"]
[White "Bartsch, Berthold"]
[Black "Liberchuk, Ilia"]
[Result "1-0"]
[WhiteElo "2279"]
[BlackElo "2076"]
[PlyCount "67"]
[EventDate "2016.11.19"]

1. Nc3 c5 2. e4 a6 3. g3 d6 4. Bg2 e6 5. d3 Nf6 6. f4 Qc7 7. Nf3 Nc6 8. O-O Be7
9. h3 O-O 10. g4 b5 11. f5 b4 12. Ne2 exf5 13. exf5 Ne8 14. Nf4 Bb7 15. Nd5 Qd8
16. Re1 Nc7 17. Nxe7+ Nxe7 18. d4 c4 19. Qe2 Ned5 20. Qxc4 Qd7 21. Bd2 a5 22.
a3 Ba6 23. Qa2 Bb7 24. c4 bxc3 25. bxc3 a4 26. Rab1 Rab8 27. c4 Nf6 28. d5 Ba8
29. Bc3 Rxb1 30. Qxb1 Na6 31. Qa1 Ne8 32. f6 Nec7 33. fxg7 Rb8 34. Nh4 1-0